000 00541nam a2200169 i 4500
001 26105
003 ES-MaACL
005 20230906153404.0
007 t|
008 030107s1969 sp ||||1| spa d
100 1 _aArnold, Franz Xaver.
_923107
245 1 0 _aTeología e historia de la acción pastoral /
_cFranz Xaver Arnold ; [Versión por Francisco Javier Calvo].
260 _aBarcelona :
_bJuan Flors,
_c1969.
300 _aXIII, 219 p. ;
_c22 cm.
700 1 _aCalvo, Francisco Javier.
_933839
852 _aES-MaACL
_jC-37142
_bR.68822
999 _c26105
_d26105